000
00353nam a2200169Ia 4500
100
_a
Rich/Barnett
650
_a
Algebra
250
_a
3
942
_c
BK
366
_f
25
245
_a
Elementary Algebra:Schaums outline
260
_b
Tata McGraw Hil
_c
2004
082
_a
512
_b
RIC
300
_a
368
546
_a
ENGLISH
_c
production
999
_c
20089
_d
20089